000
00428nam a2200133Ia 4500
008
100328s9999 xx 000 0 und d
082
_b
14314
100
_a
गजेंद्रगडकर अरविंद
245
_a
स्वरांच्या बनात
260
_b
हंस
630
_a
स्वरांच्या बनात
730
_a
स्वरांच्या बनात
942
_c
BOOK
999
_c
509299
_d
509296